Learning Resource and Development

3GE collection on mathematics : (Record no. 13225)

MARC details
000 -LEADER
fixed length control field 00990nam a2200289 i 4500
005 - DATE AND TIME OF LATEST TRANSACTION
control field 20230811105852.0
008 - FIXED-LENGTH DATA ELEMENTS--GENERAL INFORMATION
fixed length control field 230808s2019 nyua 001 0 eng d
020 ## - INTERNATIONAL STANDARD BOOK NUMBER
International Standard Book Number 9781984623652
040 ## - CATALOGING SOURCE
Transcribing agency CSPC
050 04 - LIBRARY OF CONGRESS CALL NUMBER
Classification number QA39.2
082 04 - DEWEY DECIMAL CLASSIFICATION NUMBER
Classification number 510
Item number T413
245 00 - TITLE STATEMENT
Title 3GE collection on mathematics :
Remainder of title discrete mathematics.
264 #1 - PRODUCTION, PUBLICATION, DISTRIBUTION, MANUFACTURE, AND COPYRIGHT NOTICE
Place of production, publication, distribution, manufacture New York :
Name of producer, publisher, distributor, manufacturer 3G E-Learning,
Date of production, publication, distribution, manufacture, or copyright notice 2019.
300 ## - PHYSICAL DESCRIPTION
Extent 248 pages :
Other physical details illustrations (some color) ;
Dimensions 26 cm.
336 ## - CONTENT TYPE
Source rdacontent
Content type term text
337 ## - MEDIA TYPE
Source rdamedia
Media type term unmediated
338 ## - CARRIER TYPE
Source rdacarrier
Carrier type term volume
500 ## - GENERAL NOTE
General note Includes index.
505 ## - FORMATTED CONTENTS NOTE
Formatted contents note Set theory -- Functions and relations -- Automata theory -- Combinatorics -- Algebraic structure -- Logic and proofs.
650 #4 - SUBJECT ADDED ENTRY--TOPICAL TERM
Topical term or geographic name entry element Computer science
General subdivision Mathematics.
650 #4 - SUBJECT ADDED ENTRY--TOPICAL TERM
Topical term or geographic name entry element Mathematics.
710 ## - ADDED ENTRY--CORPORATE NAME
Corporate name or jurisdiction name as entry element 3G E-Learning.
940 ## - EQUIVALENCE OR CROSS-REFERENCE--UNIFORM TITLE [OBSOLETE] [CAN/MARC only]
Uniform title <a href="mae">mae</a>
942 ## - ADDED ENTRY ELEMENTS (KOHA)
Koha item type Books
Source of classification or shelving scheme Dewey Decimal Classification
Classification part 510 T413
Call number prefix CIR
Call number suffix 2019
Suppress in OPAC No
Holdings
Withdrawn status Lost status Source of classification or shelving scheme Damaged status Not for loan Home library Current library Shelving location Date acquired Total Checkouts Full call number Barcode Date last seen Copy number Price effective from Koha item type
    Dewey Decimal Classification     Main Library Main Library Circulation Section 05/12/2023   CIR 510 T413 2019 025296 05/12/2023 1-2 05/12/2023 Books
    Dewey Decimal Classification     Main Library Main Library   08/08/2023   CIR 510 T413 2019 025608 08/08/2023 2-2 08/08/2023 Books